[Event "2nd Easter 4NCL Congress"]
[Site "Daventry"]
[Date "2022.04.17"]
[Round "4"]
[Board "24"]
[White "Gibbon, Eric"]
[Black "Gardiner, Eric D"]
[Result "0-1"]
[WhiteElo "1953"]
[BlackElo "2063"]
[PlyCount "0"]
[EventDate "2022.04.15"]
[EventRounds "7"]
[EventCountry "ENG"]

1. d4 {[%clk 01:30:57]} {[%emt 00:00:01]} d5 {[%clk 01:30:55]} {[%emt
00:00:06]} 2. Nc3 {[%clk 01:31:09]} {[%emt 00:00:18]} Nf6 {[%clk 01:31:14]}
{[%emt 00:00:11]} 3. Bf4 {[%clk 01:31:33]} {[%emt 00:00:05]} c5 {[%clk
01:31:30]} {[%emt 00:00:15]} 4. e3 {[%clk 01:31:19]} {[%emt 00:00:44]} cxd4
{[%clk 01:31:51]} {[%emt 00:00:09]} 5. exd4 {[%clk 01:29:57]} {[%emt 00:01:51]}
Bg4 {[%clk 01:31:35]} {[%emt 00:00:47]} 6. f3 {[%clk 01:28:29]} {[%emt
00:01:58]} Bd7 {[%clk 01:31:56]} {[%emt 00:00:09]} 7. Qd2 {[%clk 01:19:17]}
{[%emt 00:09:42]} Nc6 {[%clk 01:31:15]} {[%emt 00:01:11]} 8. Nb5 {[%clk
01:15:54]} {[%emt 00:03:53]} Rc8 {[%clk 01:29:52]} {[%emt 00:01:52]} 9. Qe3
{[%clk 01:10:52]} {[%emt 00:05:32]} e6 {[%clk 01:22:33]} {[%emt 00:07:50]} 10.
Nd6+ {[%clk 01:06:59]} {[%emt 00:04:23]} Bxd6 {[%clk 01:22:54]} {[%emt
00:00:09]} 11. Bxd6 {[%clk 01:07:20]} {[%emt 00:00:06]} Qb6 {[%clk 01:21:44]}
{[%emt 00:01:42]} 12. O-O-O {[%clk 01:01:11]} {[%emt 00:06:39]} Nxd4 {[%clk
01:11:02]} {[%emt 00:11:14]} 13. Qxd4 {[%clk 00:53:02]} {[%emt 00:08:38]} Qxd6
{[%clk 01:11:18]} {[%emt 00:00:14]} 14. Bd3 {[%clk 00:50:35]} {[%emt 00:02:57]}
Qc5 {[%clk 01:06:27]} {[%emt 00:05:20]} 15. Ne2 {[%clk 00:41:14]} {[%emt
00:09:52]} O-O {[%clk 01:00:00]} {[%emt 00:06:56]} 16. Qxc5 {[%clk 00:31:03]}
{[%emt 00:10:42]} Rxc5 {[%clk 01:00:24]} {[%emt 00:00:06]} 17. Nd4 {[%clk
00:31:16]} {[%emt 00:00:17]} Rfc8 {[%clk 00:59:55]} {[%emt 00:00:59]} 18. Rhe1
{[%clk 00:30:41]} {[%emt 00:01:05]} a5 {[%clk 00:50:34]} {[%emt 00:09:51]} 19.
Nb3 {[%clk 00:27:22]} {[%emt 00:03:48]} R5c7 {[%clk 00:50:41]} {[%emt
00:00:23]} 20. g4 {[%clk 00:23:37]} {[%emt 00:04:15]} b6 {[%clk 00:47:51]}
{[%emt 00:03:21]} 21. Nd4 {[%clk 00:22:51]} {[%emt 00:01:16]} Bc6 {[%clk
00:39:58]} {[%emt 00:08:22]} 22. h3 {[%clk 00:18:17]} {[%emt 00:05:05]} Nd7
{[%clk 00:33:25]} {[%emt 00:07:03]} 23. Nxc6 {[%clk 00:10:57]} {[%emt
00:07:51]} Rxc6 {[%clk 00:33:48]} {[%emt 00:00:07]} 24. Rd2 {[%clk 00:09:31]}
{[%emt 00:01:55]} Nc5 {[%clk 00:32:30]} {[%emt 00:01:48]} 25. Bb5 {[%clk
00:09:45]} {[%emt 00:00:17]} R6c7 {[%clk 00:32:31]} {[%emt 00:00:28]} 26. Kb1
{[%clk 00:08:46]} {[%emt 00:01:28]} g6 {[%clk 00:31:42]} {[%emt 00:01:18]} 27.
a4 {[%clk 00:06:34]} {[%emt 00:02:44]} Kg7 {[%clk 00:30:15]} {[%emt 00:01:56]}
28. g5 {[%clk 00:05:57]} {[%emt 00:01:07]} Rh8 {[%clk 00:29:01]} {[%emt
00:01:45]} 29. h4 {[%clk 00:02:52]} {[%emt 00:03:35]} h6 {[%clk 00:28:57]}
{[%emt 00:00:33]} 30. gxh6+ {[%clk 00:02:29]} {[%emt 00:00:54]} Rxh6 {[%clk
00:29:18]} {[%emt 00:00:09]} 31. Rd4 {[%clk 00:02:56]} {[%emt 00:00:03]} Rc8
{[%clk 00:25:35]} {[%emt 00:04:13]} 32. b4 {[%clk 00:03:24]} {[%emt 00:00:02]}
axb4 {[%clk 00:25:34]} {[%emt 00:00:30]} 33. Rxb4 {[%clk 00:03:52]} {[%emt
00:00:02]} Rch8 {[%clk 00:25:29]} {[%emt 00:00:35]} 34. Rh1 {[%clk 00:03:10]}
{[%emt 00:01:12]} g5 {[%clk 00:19:59]} {[%emt 00:06:01]} 35. Rg1 {[%clk
00:02:40]} {[%emt 00:01:00]} Rxh4 {[%clk 00:18:08]} {[%emt 00:02:20]} 36. Rxg5+
{[%clk 00:02:13]} {[%emt 00:00:58]} Kf6 {[%clk 00:18:02]} {[%emt 00:00:36]} 37.
Rgg4 {[%clk 00:01:07]} {[%emt 00:01:36]} Rxg4 {[%clk 00:17:47]} {[%emt
00:00:45]} 38. Rxg4 {[%clk 00:01:35]} {[%emt 00:00:02]} Ke5 {[%clk 00:16:38]}
{[%emt 00:01:39]} 39. c3 {[%clk 00:01:25]} {[%emt 00:00:40]} f5 {[%clk
00:15:42]} {[%emt 00:01:25]} 40. Rd4 {[%clk 00:01:23]} {[%emt 00:00:32]} f4
{[%clk 00:11:23]} {[%emt 00:04:49]} 41. Kc2 {[%clk 00:01:16]} {[%emt 00:00:38]}
Rh2+ {[%clk 00:10:57]} {[%emt 00:00:55]} 42. Kd1 {[%clk 00:01:19]} {[%emt
00:00:28]} Ra2 {[%clk 00:09:17]} {[%emt 00:02:09]} 43. Rb4 {[%clk 00:01:14]}
{[%emt 00:00:35]} Kf5 {[%clk 00:08:17]} {[%emt 00:01:30]} 44. Be2 {[%clk
00:01:31]} {[%emt 00:00:12]} Nxa4 {[%clk 00:07:33]} {[%emt 00:01:16]} 45. Bd3+
{[%clk 00:01:45]} {[%emt 00:00:16]} Ke5 {[%clk 00:07:42]} {[%emt 00:00:20]} 46.
Bc2 {[%clk 00:01:40]} {[%emt 00:00:36]} Nxc3+ {[%clk 00:07:16]} {[%emt
00:00:56]} 47. Kd2 {[%clk 00:02:04]} {[%emt 00:00:06]} d4 {[%clk 00:06:54]}
{[%emt 00:00:52]} 48. Rxb6 {[%clk 00:02:29]} {[%emt 00:00:06]} Nd5 {[%clk
00:06:25]} {[%emt 00:00:57]} 49. Rb5 {[%clk 00:02:32]} {[%emt 00:00:28]} Kd6
{[%clk 00:05:36]} {[%emt 00:01:17]} 50. Kc1 {[%clk 00:02:32]} {[%emt 00:00:31]}
Kc6 {[%clk 00:04:10]} {[%emt 00:01:56]} 51. Rb8 {[%clk 00:02:21]} {[%emt
00:00:42]} Ra3 {[%clk 00:03:56]} {[%emt 00:00:42]} 52. Be4 {[%clk 00:02:47]}
{[%emt 00:00:05]} Kd6 {[%clk 00:03:56]} {[%emt 00:00:29]} 53. Rd8+ {[%clk
00:02:55]} {[%emt 00:00:23]} Ke7 {[%clk 00:03:49]} {[%emt 00:00:37]} 54. Rb8
{[%clk 00:03:10]} {[%emt 00:00:15]} Nc3 {[%clk 00:04:01]} {[%emt 00:00:18]} 55.
Bc2 {[%clk 00:02:49]} {[%emt 00:00:51]} Ra1+ {[%clk 00:03:52]} {[%emt
00:00:38]} 56. Kd2 {[%clk 00:02:50]} {[%emt 00:00:30]} Rf1 {[%clk 00:04:08]}
{[%emt 00:00:13]} 57. Rb7+ {[%clk 00:03:08]} {[%emt 00:00:13]} Kd6 {[%clk
00:04:16]} {[%emt 00:00:22]} 58. Rb6+ {[%clk 00:03:21]} {[%emt 00:00:17]} Kd7
{[%clk 00:03:46]} {[%emt 00:00:58]} 59. Rb7+ {[%clk 00:03:32]} {[%emt
00:00:21]} Kc6 {[%clk 00:03:59]} {[%emt 00:00:17]} 60. Rf7 {[%clk 00:03:27]}
{[%emt 00:00:34]} Rxf3 {[%emt 00:00:49]}  0-1

[Event "2nd Easter 4NCL Congress"]
[Site "Daventry"]
[Date "2022.04.17"]
[Round "4"]
[Board "25"]
[White "Gregory, Keith Df"]
[Black "Shenbagakumar, Gautham"]
[Result "1-0"]
[WhiteElo "2008"]
[BlackElo "1842"]
[PlyCount "0"]
[EventDate "2022.04.15"]
[EventRounds "7"]
[EventCountry "ENG"]

1. Nf3 {[%clk 01:29:37]} {[%emt 00:01:22]} d5 {[%clk 01:30:47]} {[%emt
00:00:14]} 2. g3 {[%clk 01:29:55]} {[%emt 00:00:12]} Nf6 {[%clk 01:31:10]}
{[%emt 00:00:07]} 3. Bg2 {[%clk 01:30:17]} {[%emt 00:00:08]} e6 {[%clk
01:31:17]} {[%emt 00:00:23]} 4. O-O {[%clk 01:30:40]} {[%emt 00:00:07]} Be7
{[%clk 01:31:44]} {[%emt 00:00:03]} 5. d4 {[%clk 01:31:00]} {[%emt 00:00:11]}
O-O {[%clk 01:31:57]} {[%emt 00:00:17]} 6. c4 {[%clk 01:31:21]} {[%emt
00:00:07]} b6 {[%clk 01:29:44]} {[%emt 00:02:44]} 7. Nc3 {[%clk 01:31:12]}
{[%emt 00:00:40]} Bb7 {[%clk 01:29:11]} {[%emt 00:01:03]} 8. Ne5 {[%clk
01:31:00]} {[%emt 00:00:41]} c5 {[%clk 01:22:53]} {[%emt 00:06:48]} 9. dxc5
{[%clk 01:30:12]} {[%emt 00:01:18]} bxc5 {[%clk 01:18:36]} {[%emt 00:04:48]} 10.
Qb3 {[%clk 01:26:22]} {[%emt 00:04:19]} Qb6 {[%clk 01:15:23]} {[%emt 00:03:43]}
11. Rd1 {[%clk 01:19:19]} {[%emt 00:07:33]} Rd8 {[%clk 01:11:40]} {[%emt
00:04:14]} 12. Bg5 {[%clk 01:15:19]} {[%emt 00:04:29]} h6 {[%clk 00:51:24]}
{[%emt 00:20:47]} 13. Bxf6 {[%clk 01:14:06]} {[%emt 00:01:42]} Bxf6 {[%clk
00:51:33]} {[%emt 00:00:21]} 14. Nd3 {[%clk 01:12:36]} {[%emt 00:02:00]} Bc6
{[%clk 00:38:10]} {[%emt 00:13:53]} 15. cxd5 {[%clk 01:09:30]} {[%emt
00:03:34]} Qxb3 {[%clk 00:37:38]} {[%emt 00:01:05]} 16. axb3 {[%clk 01:09:43]}
{[%emt 00:00:16]} exd5 {[%clk 00:37:11]} {[%emt 00:00:58]} 17. Nxc5 {[%clk
01:09:03]} {[%emt 00:01:09]} d4 {[%clk 00:34:21]} {[%emt 00:03:21]} 18. N3e4
{[%clk 01:02:53]} {[%emt 00:06:39]} Be7 {[%clk 00:33:11]} {[%emt 00:01:40]} 19.
Nd3 {[%clk 01:01:42]} {[%emt 00:01:40]} f5 {[%clk 00:31:49]} {[%emt 00:01:52]}
20. Nd2 {[%clk 01:01:02]} {[%emt 00:01:10]} Bxg2 {[%clk 00:32:14]} {[%emt
00:00:06]} 21. Kxg2 {[%clk 01:01:23]} {[%emt 00:00:10]} Nc6 {[%clk 00:31:59]}
{[%emt 00:00:44]} 22. Rdc1 {[%clk 00:59:45]} {[%emt 00:02:07]} Nb4 {[%clk
00:24:51]} {[%emt 00:07:39]} 23. Rc7 {[%clk 00:59:21]} {[%emt 00:00:53]} Bd6
{[%clk 00:22:36]} {[%emt 00:02:46]} 24. Rcxa7 {[%clk 00:59:08]} {[%emt
00:00:43]} Rab8 {[%clk 00:22:51]} {[%emt 00:00:15]} 25. Rc1 {[%clk 00:52:12]}
{[%emt 00:07:25]} Re8 {[%clk 00:21:02]} {[%emt 00:02:21]} 26. Nf3 {[%clk
00:46:15]} {[%emt 00:06:26]} Rxe2 {[%clk 00:19:02]} {[%emt 00:02:30]} 27. Nxb4
{[%clk 00:46:17]} {[%emt 00:00:28]} Rxb4 {[%clk 00:08:03]} {[%emt 00:11:30]} 28.
Rd7 {[%clk 00:44:20]} {[%emt 00:02:25]} Be5 {[%clk 00:07:25]} {[%emt 00:01:09]}
29. Rc8+ {[%clk 00:39:47]} {[%emt 00:05:02]} Kh7 {[%clk 00:07:49]} {[%emt
00:00:07]} 30. Re8 {[%clk 00:39:24]} {[%emt 00:00:53]} Rxb3 {[%clk 00:06:33]}
{[%emt 00:01:46]} 31. Rxe5 {[%clk 00:37:02]} {[%emt 00:02:51]} Rexb2 {[%clk
00:06:42]} {[%emt 00:00:21]} 32. Rxf5 {[%clk 00:36:21]} {[%emt 00:01:12]} d3
{[%clk 00:06:09]} {[%emt 00:01:03]} 33. Rfd5 {[%clk 00:36:02]} {[%emt
00:00:48]} Ra3 {[%clk 00:05:37]} {[%emt 00:01:03]} 34. Rxd3 {[%clk 00:36:16]}
{[%emt 00:00:15]} Raa2 {[%clk 00:06:03]} {[%emt 00:00:05]} 35. Rd2 {[%clk
00:36:44]} {[%emt 00:00:02]} Rxd2 {[%clk 00:06:17]} {[%emt 00:00:15]} 36. Rxd2
{[%clk 00:37:12]} {[%emt 00:00:02]} Rxd2 {[%clk 00:06:42]} {[%emt 00:00:06]} 37.
Nxd2 {[%clk 00:37:12]} {[%emt 00:00:30]} g6 {[%clk 00:07:03]} {[%emt 00:00:09]}
38. f4 {[%clk 00:37:06]} {[%emt 00:00:36]} h5 {[%clk 00:07:26]} {[%emt
00:00:07]} 39. h4 {[%clk 00:37:24]} {[%emt 00:00:12]} Kg7 {[%clk 00:07:50]}
{[%emt 00:00:06]} 40. Kf3 {[%clk 00:37:49]} {[%emt 00:00:04]} Kf6 {[%clk
00:08:15]} {[%emt 00:00:05]} 41. Ke4 {[%clk 00:38:15]} {[%emt 00:00:05]} Ke6
{[%clk 00:08:39]} {[%emt 00:00:06]} 42. Nf3 {[%clk 00:38:33]} {[%emt 00:00:12]}
Kf6 {[%clk 00:09:03]} {[%emt 00:00:06]} 43. Nd4 {[%clk 00:39:01]} {[%emt
00:00:02]} Kf7 {[%clk 00:09:27]} {[%emt 00:00:07]} 44. Ke5 {[%clk 00:39:26]}
{[%emt 00:00:04]} Kg7 {[%clk 00:09:51]} {[%emt 00:00:06]} 45. Ke6 {[%clk
00:39:44]} {[%emt 00:00:12]} Kh7 {[%clk 00:10:10]} {[%emt 00:00:11]} 46. Kf7
{[%clk 00:39:47]} {[%emt 00:00:26]} Kh6 {[%clk 00:10:32]} {[%emt 00:00:09]} 47.
Nf3 {[%clk 00:40:04]} {[%emt 00:00:13]} Kh7 {[%clk 00:10:55]} {[%emt 00:00:07]}
48. Ne5 {[%clk 00:40:21]} {[%emt 00:00:12]} Kh6 {[%clk 00:11:16]} {[%emt
00:00:10]} 49. Nxg6 {[%clk 00:40:43]} {[%emt 00:00:08]} Kh7 {[%clk 00:11:41]}
{[%emt 00:00:05]} 50. Kf6 {[%clk 00:41:02]} {[%emt 00:00:10]} Kh6 {[%clk
00:12:07]} {[%emt 00:00:06]} 51. Ne5 {[%clk 00:41:08]} {[%emt 00:00:24]} Kh7
{[%clk 00:12:32]} {[%emt 00:00:05]} 52. Kg5 {[%clk 00:41:27]} {[%emt 00:00:10]}
Kg7 {[%clk 00:12:57]} {[%emt 00:00:05]} 53. f5 {[%clk 00:41:39]} {[%emt
00:00:18]} Kg8 {[%clk 00:13:22]} {[%emt 00:00:06]} 54. f6 {[%clk 00:41:36]}
{[%emt 00:00:32]} Kf8 {[%clk 00:13:48]} {[%emt 00:00:05]} 55. Kxh5 {[%clk
00:41:44]} {[%emt 00:00:22]} Kg8 {[%clk 00:14:14]} {[%emt 00:00:04]} 56. Kg6
{[%clk 00:42:05]} {[%emt 00:00:07]} Kf8 {[%clk 00:14:42]} {[%emt 00:00:04]} 57.
h5 {[%clk 00:42:20]} {[%emt 00:00:15]} Kg8 {[%clk 00:15:07]} {[%emt 00:00:05]}
58. Nd7 {[%clk 00:42:27]} {[%emt 00:00:22]} Kh8 {[%clk 00:15:30]} {[%emt
00:00:08]} 59. g4 {[%clk 00:42:40]} {[%emt 00:00:16]} Kg8 {[%clk 00:15:55]}
{[%emt 00:00:06]} 60. f7+ {[%clk 00:43:06]} {[%emt 00:00:04]} Kh8 {[%clk
00:16:23]} {[%emt 00:00:02]} 61. f8=Q# {[%clk 00:43:26]} {[%emt 00:00:09]}  1-0

[Event "2nd Easter 4NCL Congress"]
[Site "Daventry"]
[Date "2022.04.17"]
[Round "5"]
[Board "1"]
[White "Gormally, Daniel W"]
[Black "Turner, Max N"]
[Result "1-0"]
[WhiteElo "2496"]
[BlackElo "2366"]
[PlyCount "0"]
[EventDate "2022.04.15"]
[EventRounds "7"]
[EventCountry "ENG"]

1. d4 {[%clk 01:30:57]} {[%emt 00:00:02]} d5 {[%clk 01:29:55]} {[%emt
00:01:06]} 2. c4 {[%clk 01:31:19]} {[%emt 00:00:08]} e6 {[%clk 01:30:08]}
{[%emt 00:00:16]} 3. Nf3 {[%clk 01:31:38]} {[%emt 00:00:10]} Nf6 {[%clk
01:30:22]} {[%emt 00:00:16]} 4. g3 {[%clk 01:30:32]} {[%emt 00:01:37]} Bb4+
{[%clk 01:30:14]} {[%emt 00:00:39]} 5. Nc3 {[%clk 01:27:21]} {[%emt 00:03:40]}
O-O {[%clk 01:29:41]} {[%emt 00:01:04]} 6. Bg2 {[%clk 01:25:55]} {[%emt
00:01:55]} dxc4 {[%clk 01:27:01]} {[%emt 00:03:10]} 7. O-O {[%clk 01:22:56]}
{[%emt 00:03:29]} c5 {[%clk 01:23:09]} {[%emt 00:04:22]} 8. dxc5 {[%clk
01:23:18]} {[%emt 00:00:08]} Qa5 {[%clk 01:16:45]} {[%emt 00:06:54]} 9. Qd4
{[%clk 01:22:26]} {[%emt 00:01:23]} Nc6 {[%clk 01:13:40]} {[%emt 00:03:35]} 10.
Qxc4 {[%clk 01:22:51]} {[%emt 00:00:05]} Qxc5 {[%clk 01:13:45]} {[%emt
00:00:25]} 11. Qxc5 {[%clk 01:22:11]} {[%emt 00:01:10]} Bxc5 {[%clk 01:14:10]}
{[%emt 00:00:05]} 12. Bf4 {[%clk 01:22:08]} {[%emt 00:00:33]} Nd5 {[%clk
01:12:20]} {[%emt 00:02:20]} 13. Nxd5 {[%clk 01:21:42]} {[%emt 00:00:56]} exd5
{[%clk 01:12:42]} {[%emt 00:00:07]} 14. Rfd1 {[%clk 01:21:28]} {[%emt
00:00:44]} Be6 {[%clk 01:12:24]} {[%emt 00:00:48]} 15. Rac1 {[%clk 01:20:52]}
{[%emt 00:01:07]} Bb6 {[%clk 01:11:44]} {[%emt 00:01:10]} 16. Ne5 {[%clk
01:15:53]} {[%emt 00:05:30]} Ne7 {[%clk 01:09:20]} {[%emt 00:02:53]} 17. Nd3
{[%clk 01:11:38]} {[%emt 00:04:45]} Rfd8 {[%clk 01:03:15]} {[%emt 00:06:34]} 18.
Nc5 {[%clk 01:07:14]} {[%emt 00:04:55]} Bxc5 {[%clk 01:02:47]} {[%emt
00:00:59]} 19. Rxc5 {[%clk 01:07:40]} {[%emt 00:00:03]} Rac8 {[%clk 01:02:49]}
{[%emt 00:00:27]} 20. Rxc8 {[%clk 01:03:57]} {[%emt 00:04:14]} Bxc8 {[%clk
01:01:08]} {[%emt 00:02:10]} 21. Be3 {[%clk 00:58:22]} {[%emt 00:06:05]} b6
{[%clk 00:59:05]} {[%emt 00:02:34]} 22. Rc1 {[%clk 00:47:08]} {[%emt 00:11:45]}
Be6 {[%clk 00:59:09]} {[%emt 00:00:24]} 23. Bf4 {[%clk 00:47:25]} {[%emt
00:00:14]} Rc8 {[%clk 00:59:01]} {[%emt 00:00:37]} 24. Rxc8+ {[%clk 00:47:34]}
{[%emt 00:00:22]} Nxc8 {[%clk 00:59:24]} {[%emt 00:00:07]} 25. Bb8 {[%clk
00:47:38]} {[%emt 00:00:26]} Kf8 {[%clk 00:59:03]} {[%emt 00:00:50]} 26. h3
{[%clk 00:41:58]} {[%emt 00:06:10]} Ke7 {[%clk 00:58:50]} {[%emt 00:00:44]} 27.
g4 {[%clk 00:42:22]} {[%emt 00:00:06]} a6 {[%clk 00:56:26]} {[%emt 00:02:54]}
28. f4 {[%clk 00:40:55]} {[%emt 00:01:57]} f6 {[%clk 00:52:46]} {[%emt
00:04:09]} 29. Kf2 {[%clk 00:40:04]} {[%emt 00:01:21]} Nd6 {[%clk 00:52:20]}
{[%emt 00:00:57]} 30. Bc7 {[%clk 00:39:35]} {[%emt 00:00:59]} b5 {[%clk
00:52:14]} {[%emt 00:00:36]} 31. Ba5 {[%clk 00:34:08]} {[%emt 00:05:57]} g6
{[%clk 00:49:53]} {[%emt 00:02:50]} 32. b3 {[%clk 00:31:36]} {[%emt 00:03:03]}
Nb7 {[%clk 00:42:33]} {[%emt 00:07:51]} 33. Bb4+ {[%clk 00:31:15]} {[%emt
00:00:51]} Kd7 {[%clk 00:42:41]} {[%emt 00:00:20]} 34. Bc3 {[%clk 00:29:36]}
{[%emt 00:02:10]} Ke7 {[%clk 00:37:46]} {[%emt 00:05:25]} 35. Ke3 {[%clk
00:29:08]} {[%emt 00:00:58]} a5 {[%clk 00:37:52]} {[%emt 00:00:25]} 36. f5
{[%clk 00:21:10]} {[%emt 00:08:28]} gxf5 {[%clk 00:37:19]} {[%emt 00:01:02]} 37.
gxf5 {[%clk 00:21:37]} {[%emt 00:00:04]} Bf7 {[%clk 00:35:15]} {[%emt
00:02:34]} 38. Kd4 {[%clk 00:20:11]} {[%emt 00:01:56]} b4 {[%clk 00:33:39]}
{[%emt 00:02:06]} 39. Be1 {[%clk 00:19:13]} {[%emt 00:01:29]} Nd6 {[%clk
00:33:28]} {[%emt 00:00:40]} 40. Kc5 {[%clk 00:19:13]} {[%emt 00:00:29]} Nxf5
{[%clk 00:32:53]} {[%emt 00:01:06]} 41. Kb5 {[%clk 00:18:03]} {[%emt 00:01:40]}
Nd4+ {[%clk 00:28:33]} {[%emt 00:04:51]} 42. Kxa5 {[%clk 00:18:15]} {[%emt
00:00:18]} Nxe2 {[%clk 00:28:35]} {[%emt 00:00:27]} 43. Kxb4 {[%clk 00:17:28]}
{[%emt 00:01:17]} Nf4 {[%clk 00:11:31]} {[%emt 00:17:34]} 44. Bf1 {[%clk
00:17:13]} {[%emt 00:00:45]} Bg6 {[%clk 00:11:34]} {[%emt 00:00:27]} 45. Kc3
{[%clk 00:12:44]} {[%emt 00:05:00]} Ne6 {[%clk 00:08:30]} {[%emt 00:03:34]} 46.
Bf2 {[%clk 00:13:03]} {[%emt 00:00:10]} Kd6 {[%clk 00:08:46]} {[%emt 00:00:15]}
47. Bg3+ {[%clk 00:11:57]} {[%emt 00:01:36]} Kc6 {[%clk 00:08:52]} {[%emt
00:00:23]} 48. b4 {[%clk 00:11:25]} {[%emt 00:01:03]} d4+ {[%clk 00:07:11]}
{[%emt 00:02:11]} 49. Kc4 {[%clk 00:11:38]} {[%emt 00:00:17]} Be4 {[%clk
00:07:03]} {[%emt 00:00:37]} 50. b5+ {[%clk 00:11:41]} {[%emt 00:00:28]} Kb6
{[%clk 00:07:10]} {[%emt 00:00:22]} 51. Bf2 {[%clk 00:08:39]} {[%emt 00:03:32]}
Bb1 {[%clk 00:05:30]} {[%emt 00:02:10]} 52. a3 {[%clk 00:07:38]} {[%emt
00:01:32]} Ba2+ {[%clk 00:01:02]} {[%emt 00:04:58]} 53. Kb4 {[%clk 00:08:03]}
{[%emt 00:00:05]} Bd5 {[%clk 00:01:12]} {[%emt 00:00:20]} 54. a4 {[%clk
00:08:10]} {[%emt 00:00:24]} f5 {[%clk 00:00:45]} {[%emt 00:00:56]} 55. Bd3
{[%clk 00:07:30]} {[%emt 00:01:09]} Be4 {[%clk 00:01:05]} {[%emt 00:00:11]} 56.
Bc4 {[%clk 00:07:51]} {[%emt 00:00:09]} Nf4 {[%clk 00:01:00]} {[%emt 00:00:35]}
57. Bxd4+ {[%clk 00:08:01]} {[%emt 00:00:20]} Kb7 {[%clk 00:01:23]} {[%emt
00:00:07]} 58. h4 {[%clk 00:07:52]} {[%emt 00:00:38]} Ng2 {[%clk 00:01:14]}
{[%emt 00:00:39]} 59. Bf2 {[%clk 00:07:45]} {[%emt 00:00:38]} f4 {[%clk
00:01:15]} {[%emt 00:00:29]} 60. Kc5 {[%clk 00:07:24]} {[%emt 00:00:50]} f3
{[%clk 00:01:06]} {[%emt 00:00:40]} 61. Kd4 {[%clk 00:06:52]} {[%emt 00:01:02]}
Bc2 {[%clk 00:01:07]} {[%emt 00:00:29]} 62. Bd5+ {[%clk 00:07:08]} {[%emt
00:00:13]} Kc7 {[%clk 00:01:18]} {[%emt 00:00:20]} 63. a5 {[%clk 00:07:02]}
{[%emt 00:00:37]} Nf4 {[%clk 00:01:07]} {[%emt 00:00:40]} 64. Bg3 {[%clk
00:07:15]} {[%emt 00:00:17]}  1-0

[Event "2nd Easter 4NCL Congress"]
[Site "Daventry"]
[Date "2022.04.17"]
[Round "5"]
[Board "2"]
[White "Han, Yichen"]
[Black "Boswell, Jacob Connor"]
[Result "1-0"]
[WhiteElo "2396"]
[BlackElo "2206"]
[PlyCount "0"]
[EventDate "2022.04.15"]
[EventRounds "7"]
[EventCountry "ENG"]

1. e4 {[%clk 01:30:58]} {[%emt 00:00:01]} c5 {[%clk 01:28:51]} {[%emt
00:02:00]} 2. Nf3 {[%clk 01:31:25]} {[%emt 00:00:12]} e6 {[%clk 01:29:10]}
{[%emt 00:00:11]} 3. d4 {[%clk 01:31:47]} {[%emt 00:00:09]} cxd4 {[%clk
01:29:33]} {[%emt 00:00:06]} 4. Nxd4 {[%clk 01:32:11]} {[%emt 00:00:06]} Nc6
{[%clk 01:29:58]} {[%emt 00:00:05]} 5. Nc3 {[%clk 01:32:04]} {[%emt 00:00:36]}
Qc7 {[%clk 01:30:12]} {[%emt 00:00:15]} 6. Be3 {[%clk 01:32:06]} {[%emt
00:00:29]} a6 {[%clk 01:30:20]} {[%emt 00:00:22]} 7. g4 {[%clk 01:31:07]}
{[%emt 00:01:29]} b5 {[%clk 01:27:30]} {[%emt 00:03:20]} 8. Nxc6 {[%clk
01:30:17]} {[%emt 00:01:21]} Qxc6 {[%clk 01:25:59]} {[%emt 00:02:01]} 9. Qd2
{[%clk 01:29:16]} {[%emt 00:01:29]} Nf6 {[%clk 01:18:11]} {[%emt 00:08:19]} 10.
f3 {[%clk 01:28:23]} {[%emt 00:01:23]} d6 {[%clk 01:12:46]} {[%emt 00:05:55]}
11. O-O-O {[%clk 01:24:27]} {[%emt 00:04:24]} Bb7 {[%clk 01:11:11]} {[%emt
00:02:07]} 12. Bd3 {[%clk 01:19:56]} {[%emt 00:05:02]} Be7 {[%clk 01:05:37]}
{[%emt 00:06:04]} 13. Kb1 {[%clk 01:18:39]} {[%emt 00:01:46]} b4 {[%clk
00:56:58]} {[%emt 00:09:09]} 14. Ne2 {[%clk 01:18:55]} {[%emt 00:00:14]} d5
{[%clk 00:57:10]} {[%emt 00:00:19]} 15. Nd4 {[%clk 01:14:04]} {[%emt 00:05:20]}
Qc7 {[%clk 00:52:55]} {[%emt 00:04:45]} 16. e5 {[%clk 01:13:26]} {[%emt
00:01:08]} Nd7 {[%clk 00:53:18]} {[%emt 00:00:07]} 17. f4 {[%clk 01:13:45]}
{[%emt 00:00:11]} Nc5 {[%clk 00:42:00]} {[%emt 00:11:48]} 18. f5 {[%clk
01:09:46]} {[%emt 00:04:28]} Nxd3 {[%clk 00:37:36]} {[%emt 00:04:55]} 19. Qxd3
{[%clk 01:09:55]} {[%emt 00:00:21]} Bc8 {[%clk 00:34:37]} {[%emt 00:03:30]} 20.
Rhe1 {[%clk 00:58:55]} {[%emt 00:11:30]} Bd7 {[%clk 00:32:32]} {[%emt
00:02:34]} 21. g5 {[%clk 00:56:09]} {[%emt 00:03:16]} exf5 {[%clk 00:24:11]}
{[%emt 00:08:52]} 22. Nxf5 {[%clk 00:48:36]} {[%emt 00:08:02]} Bxf5 {[%clk
00:23:41]} {[%emt 00:01:01]} 23. Qxf5 {[%clk 00:49:04]} {[%emt 00:00:01]} Qd7
{[%clk 00:22:53]} {[%emt 00:01:18]} 24. Qf3 {[%clk 00:48:01]} {[%emt 00:01:32]}
Rd8 {[%clk 00:21:00]} {[%emt 00:02:24]} 25. e6 {[%clk 00:41:09]} {[%emt
00:07:22]} fxe6 {[%clk 00:19:00]} {[%emt 00:02:31]} 26. Bd4 {[%clk 00:41:15]}
{[%emt 00:00:24]} Rf8 {[%clk 00:18:28]} {[%emt 00:01:04]} 27. Qh5+ {[%clk
00:40:27]} {[%emt 00:01:15]} Rf7 {[%clk 00:18:57]} 28. Bxg7 {[%clk 00:36:15]}
{[%emt 00:04:41]} Bf8 {[%clk 00:13:06]} {[%emt 00:06:22]} 29. Bd4 {[%clk
00:34:57]} {[%emt 00:01:48]} Rc8 {[%clk 00:12:28]} {[%emt 00:01:09]} 30. Rf1
{[%clk 00:33:20]} {[%emt 00:02:06]} Bc5 {[%clk 00:12:33]} {[%emt 00:00:25]} 31.
Bxc5 {[%clk 00:33:05]} {[%emt 00:00:45]} Rxc5 {[%clk 00:13:02]} {[%emt
00:00:01]} 32. g6 {[%clk 00:33:15]} {[%emt 00:00:20]}  1-0